[Event "Lichtenberger Sommer 2017"]
[Site "Berlin"]
[Date "2017.08.23"]
[Round "5.53"]
[White "Bandsom, Olaf"]
[Black "Lichii, Elizaveta"]
[Result "0-1"]
[WhiteElo "1827"]
[BlackElo "1862"]
[PlyCount "104"]
[EventDate "2017.??.??"]
[WhiteTeam "SC Friesen Lichtenberg"]
[BlackTeam "vereinslos"]

1. e4 c5 2. Nf3 e6 3. Nc3 a6 4. d4 cxd4 5. Nxd4 Qc7 6. Be2 Nf6 7. O-O Nc6 8.
Nxc6 bxc6 9. f4 d5 10. e5 Nd7 11. a3 c5 12. Bh5 g6 13. Bf3 Bb7 14. Re1 Bg7 15.
Qe2 O-O 16. Nd1 a5 17. Nf2 Ba6 18. Qd1 Rfe8 19. Bg4 Qb6 20. b3 a4 21. b4 cxb4
22. axb4 Qxb4 23. Bd2 Qc4 24. c3 Bb5 25. Be2 Qc6 26. Nd3 Bc4 27. Be3 Bb3 28.
Qd2 Rec8 29. Bd4 Bf8 30. Reb1 Qc7 31. Bd1 Bxd1 32. Qxd1 a3 33. Nb4 Nc5 34. Qc1
Ne4 35. Na2 Bc5 36. Rb3 Bxd4+ 37. cxd4 Qxc1+ 38. Nxc1 Rc3 39. Rb7 a2 40. Ne2
Rc2 41. Kf1 Nc3 42. Nxc3 Rxc3 43. Rb2 Rca3 44. Ke2 R8a4 45. Rd2 h5 46. Rd3 Kg7
47. Kd2 Rxd3+ 48. Kxd3 Kh6 49. g3 g5 50. Ke3 Ra3+ 51. Kf2 gxf4 52. gxf4 Kg6 0-1

[Event "Lichtenberger Sommer 2017"]
[Site "Berlin"]
[Date "2017.08.23"]
[Round "5.54"]
[White "Krüger, Detlef"]
[Black "Oginski, Ulrich"]
[Result "1-0"]
[WhiteElo "1816"]
[BlackElo "1882"]
[PlyCount "57"]
[EventDate "2017.??.??"]
[WhiteTeam "TSG Fredersdorf/Vogelsdorf"]
[BlackTeam "SC Weisse Dame (Berlin)"]

1. e4 c5 2. d4 cxd4 3. Bc4 Nc6 4. Nf3 Nf6 5. e5 Nxe5 6. Qxd4 Nxc4 7. Qxc4 d5 8.
Qd3 e6 9. Nc3 Be7 10. O-O O-O 11. Bf4 a6 12. Rfe1 Bd7 13. h3 Rc8 14. Rad1 Qb6
15. Ne5 Rfd8 16. Bg5 Be8 17. Qg3 Qxb2 18. Rd3 Nh5 19. Qg4 Bxg5 20. Qxh5 Rxc3
21. Qxg5 f6 22. Qe3 Rxc2 23. Ng4 e5 24. Rb3 Qxa2 25. Rxb7 d4 26. Rxg7+ Kh8 27.
Qh6 Bg6 28. Nxf6 Rxf2 29. Rxh7+ 1-0

[Event "Lichtenberger Sommer 2017"]
[Site "Berlin"]
[Date "2017.08.23"]
[Round "5.55"]
[White "Bender, Leon"]
[Black "Schauties, Nico Antonio"]
[Result "1-0"]
[WhiteElo "2016"]
[BlackElo "1690"]
[PlyCount "53"]
[EventDate "2017.??.??"]
[WhiteTeam "Sfr. Kelkheim"]
[BlackTeam "SV Mattnetz Berlin"]

1. c4 c5 2. Nc3 Nc6 3. g3 g6 4. Bg2 Bg7 5. e3 d6 6. Nge2 Nf6 7. O-O O-O 8. d4
Nd7 9. f4 e5 10. fxe5 cxd4 11. exd4 dxe5 12. d5 Ne7 13. Be3 f5 14. d6 Nc6 15.
Nd5 Nf6 16. Nc7 Rb8 17. c5 Ne8 18. Qb3+ Kh8 19. Bxc6 Nxc7 20. dxc7 Qxc7 21. Bd5
Bd7 22. Rad1 Rfd8 23. Qc4 a6 24. a4 Rdc8 25. Nc3 b5 26. cxb6 Qd8 27. Qxa6 1-0

[Event "Lichtenberger Sommer 2017"]
[Site "Berlin"]
[Date "2017.08.23"]
[Round "5.56"]
[White "Karyah, Thomas"]
[Black "Kautz, Stefan"]
[Result "0-1"]
[WhiteElo "1664"]
[BlackElo "1909"]
[PlyCount "102"]
[EventDate "2017.??.??"]
[WhiteTeam "SC Zugzwang 95 (Berlin)"]
[BlackTeam "SC Empor Maulwurf Bonn"]

1. e4 c5 2. d4 cxd4 3. c3 d3 4. Bxd3 d6 5. Nf3 Nf6 6. O-O e6 7. Qe2 Be7 8. Rd1
Qc7 9. Be3 O-O 10. Nbd2 b6 11. Nf1 Bb7 12. Ng3 Nbd7 13. Rac1 d5 14. Bg5 dxe4
15. Nxe4 h6 16. Bh4 Rfe8 17. Bg3 e5 18. Nd4 Bf8 19. Nf5 Nxe4 20. Bxe4 Bxe4 21.
Qxe4 Nf6 22. Qh4 Qc6 23. h3 Qe6 24. Ne3 Qxa2 25. Ng4 Nxg4 26. Qxg4 Qxb2 27. Kh2
Rad8 28. Qf5 f6 29. Rc2 Qb3 30. Ra1 a5 31. Rcc1 Bc5 32. Qg4 Rd2 33. Bh4 Qe6 34.
Qxe6+ Rxe6 35. Rd1 Red6 36. Rf1 Rc2 37. Rac1 Rdd2 38. Kg1 Kf7 39. g4 Ke6 40.
Bg3 g5 41. h4 Kd5 42. Rfd1 Kc4 43. Rxc2 Rxc2 44. hxg5 hxg5 45. Rd7 a4 46. Kf1
a3 47. Ra7 Kb3 48. Ke1 Kb2 49. Kd1 Rxc3 50. f3 a2 51. Be1 Ra3 0-1

[Event "Lichtenberger Sommer 2017"]
[Site "Berlin"]
[Date "2017.08.23"]
[Round "5.57"]
[White "Lischeid, Kilian"]
[Black "Woinowski, Michael"]
[Result "0-1"]
[WhiteElo "1719"]
[BlackElo "1761"]
[PlyCount "48"]
[EventDate "2017.??.??"]
[WhiteTeam "SF Friedrichshagen"]
[BlackTeam "SC Kreuzberg"]

1. c4 e6 2. d4 d5 3. Nc3 c5 4. cxd5 cxd4 5. Qxd4 Nc6 6. Qd1 exd5 7. e3 Nf6 8.
a3 Bd6 9. Nf3 O-O 10. Be2 Re8 11. O-O a6 12. h3 Bc7 13. Qb3 Na5 14. Qc2 Qd6 15.
Rd1 Nc6 16. b4 Ne5 17. Bb2 Nxf3+ 18. Bxf3 Qh2+ 19. Kf1 Bxh3 20. Nxd5 Nxd5 21.
Rxd5 Rac8 22. Rh5 Bxg2+ 23. Bxg2 Qxh5 24. Bxb7 Qb5+ 0-1

[Event "Lichtenberger Sommer 2017"]
[Site "Berlin"]
[Date "2017.08.23"]
[Round "5.58"]
[White "Dreke, Frank"]
[Black "Kohlmeyer, Dagobert"]
[Result "1-0"]
[WhiteElo "1958"]
[BlackElo "1888"]
[PlyCount "63"]
[EventDate "2017.??.??"]
[WhiteTeam "SV Mattnetz Berlin"]
[BlackTeam "SC Rochade (Berlin)"]

1. e4 e6 2. d4 d5 3. Bd3 dxe4 4. Bxe4 Nf6 5. Bf3 c5 6. Ne2 cxd4 7. Nxd4 Bc5 8.
Be3 Qb6 9. Nc3 O-O 10. O-O Qd8 11. Nxe6 fxe6 12. Bxc5 Qxd1 13. Raxd1 Re8 14.
Nb5 Na6 15. Ba3 e5 16. Nd6 Re6 17. Rfe1 Nc7 18. b3 Rb8 19. Bb2 e4 20. Nxe4 Nxe4
21. Rd8+ Kf7 22. Rxe4 h6 23. Be5 Re7 24. Bd6 Rxe4 25. Bxe4 Ne6 26. Bxb8 Nxd8
27. Bxa7 Ke6 28. Bd4 g5 29. a4 Bd7 30. Kf1 Nc6 31. Bc3 Be8 32. Ke2 1-0

[Event "Lichtenberger Sommer 2017"]
[Site "Berlin"]
[Date "2017.08.23"]
[Round "5.59"]
[White "Fock, Amina"]
[Black "Nabel, Matthias"]
[Result "0-1"]
[WhiteElo "1587"]
[BlackElo "1940"]
[PlyCount "72"]
[EventDate "2017.??.??"]
[WhiteTeam "SC Zugzwang 95 (Berlin)"]
[BlackTeam "SV Motor Wildau"]

1. e4 c5 2. Nf3 e6 3. b3 b6 4. Bb2 Bb7 5. Nc3 Nc6 6. Bc4 d6 7. O-O Nf6 8. Re1
Be7 9. a3 O-O 10. d4 cxd4 11. Nxd4 Rc8 12. Nxe6 fxe6 13. Bxe6+ Kh8 14. Bxc8
Qxc8 15. Nb5 Qe6 16. c4 Nd7 17. Nc7 Qf7 18. f3 Nde5 19. Nb5 Qg6 20. Kh1 h5 21.
Bxe5 Nxe5 22. Nxa7 h4 23. Re3 h3 24. Ra2 hxg2+ 25. Rxg2 Qh6 26. Rc3 Qf6 27. f4
Qxf4 28. Rh3+ Kg8 29. Rhg3 Qf1+ 30. Qxf1 Rxf1+ 31. Rg1 Bxe4+ 32. R3g2 Rf2 33.
h3 Rb2 34. Nc8 Bf8 35. Nxb6 Rxb3 36. Nd5 Rxh3# 0-1

[Event "Lichtenberger Sommer 2017"]
[Site "Berlin"]
[Date "2017.08.23"]
[Round "5.60"]
[White "Plaza Reino, Mercedes"]
[Black "Ros Gorne, Ramon"]
[Result "0-1"]
[WhiteElo "1824"]
[BlackElo "1645"]
[PlyCount "60"]
[EventDate "2017.??.??"]
[WhiteTeam "Enniscorthy Chess Club"]
[BlackTeam "Sant Boi de Llobregat"]

1. f4 d5 2. b3 g6 3. Bb2 Nf6 4. Nf3 Bg7 5. e3 O-O 6. Be2 Bg4 7. O-O Nbd7 8. Ne5
Bxe2 9. Qxe2 c5 10. d3 Rc8 11. Nd2 e6 12. c4 b6 13. Rad1 Qc7 14. e4 d4 15. Nxd7
Nxd7 16. e5 Qc6 17. Ne4 f6 18. exf6 Nxf6 19. Ng5 Rce8 20. Rde1 Nh5 21. Qg4 e5
22. fxe5 Rxe5 23. Rxf8+ Kxf8 24. Rf1+ Kg8 25. Bc1 Qe8 26. Ne4 Re6 27. Bg5 Be5
28. Qh4 Ng7 29. Nf6+ Bxf6 30. Bxf6 Nf5 0-1

[Event "Lichtenberger Sommer 2017"]
[Site "Berlin"]
[Date "2017.08.23"]
[Round "5.61"]
[White "Jeß, Arne"]
[Black "Günther, Boris"]
[Result "0-1"]
[WhiteElo "1862"]
[BlackElo "1693"]
[PlyCount "94"]
[EventDate "2017.??.??"]
[WhiteTeam "TSG Fredersdorf/Vogelsdorf"]
[BlackTeam "SF Friedrichshagen"]

1. e4 e5 2. Nf3 Nc6 3. Bc4 Nf6 4. Ng5 d5 5. exd5 Nd4 6. c3 b5 7. Be2 Nxe2 8.
Qxe2 Qxd5 9. O-O Bb7 10. f3 O-O-O 11. Re1 Bc5+ 12. Kh1 Rhe8 13. Ne4 Nxe4 14.
fxe4 Qd3 15. b4 Bb6 16. Na3 a6 17. Qxd3 Rxd3 18. Nc2 Red8 19. Re2 R8d6 20. Ne1
Rf6 21. Nf3 Rf4 22. a4 Bxe4 23. Ng1 Rf1 24. Bb2 Rxa1 25. Bxa1 f5 26. axb5 axb5
27. Bb2 Kd7 28. Bc1 Ke6 29. Re1 Kd5 30. Ne2 f4 31. c4+ Kxc4 32. Nxf4 Rd4 33.
Ne6 Rd6 34. Rxe4+ Kd5 35. Nc5 Bxc5 36. bxc5 Kxe4 37. cxd6 cxd6 38. Ba3 d5 39.
Kg1 Kd3 40. Bb4 Kc4 41. Bc3 b4 42. Bxe5 Kd3 43. Kf2 d4 44. Bd6 b3 45. Ba3 Kxd2
46. Bb2 d3 47. Bxg7 Kc2 0-1

[Event "Lichtenberger Sommer 2017"]
[Site "Berlin"]
[Date "2017.08.23"]
[Round "5.62"]
[White "Wachtel, Arthur"]
[Black "Klühs, Gustaf"]
[Result "1-0"]
[WhiteElo "1803"]
[BlackElo "1680"]
[PlyCount "63"]
[EventDate "2017.??.??"]
[WhiteTeam "SK Freising"]
[BlackTeam "Borussia Friedrichsfelde"]

1. e4 c5 2. Nf3 Nc6 3. Bb5 e6 4. O-O Be7 5. Bxc6 bxc6 6. b3 Nf6 7. e5 Nd5 8. c4
Nc7 9. Nc3 O-O 10. Ne4 Na6 11. Ba3 Qa5 12. Bb2 Nc7 13. Qc2 Ne8 14. Nfg5 g6 15.
Qd3 h6 16. Nf3 Qd8 17. Qe3 Kh7 18. Nxc5 Ng7 19. Ne4 Nf5 20. Qf4 g5 21. Qg4 Kg6
22. Nf6 d5 23. Qh5+ Kg7 24. g4 Nh4 25. Nxh4 gxh4 26. g5 Rh8 27. Kh1 hxg5 28.
Qxg5+ Kf8 29. Rg1 Bxf6 30. exf6 Ke8 31. Qg7 Rf8 32. Ba3 1-0

[Event "Lichtenberger Sommer 2017"]
[Site "Berlin"]
[Date "2017.08.23"]
[Round "5.63"]
[White "Stein, Siegfried"]
[Black "Keusch, Horst"]
[Result "1-0"]
[WhiteElo "1761"]
[BlackElo "1976"]
[PlyCount "87"]
[EventDate "2017.??.??"]
[WhiteTeam "SV Berolina Mitte"]
[BlackTeam "SC Eintracht Berlin"]

1. e4 e6 2. d4 d5 3. e5 c5 4. c3 Nc6 5. Nf3 Bd7 6. a3 c4 7. b4 cxb3 8. Qxb3 Na5
9. Qc2 Rc8 10. Bd3 h6 11. a4 Ne7 12. Ba3 Nc4 13. Bxc4 dxc4 14. Nbd2 Nd5 15.
Bxf8 Kxf8 16. a5 g6 17. O-O Kg7 18. Ne4 b5 19. axb6 axb6 20. Ra7 Rf8 21. Rfa1
Rb8 22. Nd6 b5 23. h3 Bc6 24. R1a3 Nf4 25. Qd1 b4 26. cxb4 Rxb4 27. Kh2 Nd3 28.
Nxc4 Nxf2 29. Qd2 Ng4+ 30. hxg4 Rxc4 31. g5 Rh8 32. Kg1 Qb6 33. gxh6+ Rxh6 34.
Rxf7+ Kxf7 35. Qxh6 Qb1+ 36. Kh2 Rb4 37. Ng5+ Ke8 38. Qh8+ Kd7 39. Qg7+ Kc8 40.
Nxe6 Bd7 41. Rc3+ Kb8 42. Qxd7 Rb7 43. Qd8+ Ka7 44. Ra3# 1-0

[Event "Lichtenberger Sommer 2017"]
[Site "Berlin"]
[Date "2017.08.23"]
[Round "5.64"]
[White "Bandlow, Matthias"]
[Black "Prix, Siegfried"]
[Result "1/2-1/2"]
[WhiteElo "1945"]
[BlackElo "1746"]
[PlyCount "103"]
[EventDate "2017.??.??"]
[WhiteTeam "Borussia Friedrichsfelde"]
[BlackTeam "SF 1903 Berlin"]

1. d4 d5 2. c4 c6 3. Nf3 Nf6 4. e3 Bf5 5. Nbd2 e6 6. Be2 dxc4 7. Nxc4 Bb4+ 8.
Bd2 Qe7 9. O-O O-O 10. Bxb4 Qxb4 11. a3 Qe7 12. b4 Nbd7 13. Rc1 h6 14. Qb3 Rfd8
15. Nfe5 Nxe5 16. Nxe5 Ne4 17. Qa2 Rac8 18. Bh5 Rf8 19. Bf3 Rfd8 20. Bxe4 Bxe4
21. Rc3 f6 22. Nc4 Bd5 23. Qc2 Bxc4 24. Rxc4 e5 25. dxe5 Qxe5 26. Rc1 a6 27. h3
Rd7 28. Rc5 Rd5 29. Qc4 Rcd8 30. e4 b5 31. Qb3 Qxe4 32. Rxc6 Kh8 33. Rxa6 Rd3
34. Qb1 Qe2 35. Rac6 Rd1+ 36. Kh2 Rxc1 37. Rxc1 Qxf2 38. Qe4 Qd2 39. Rc6 Rd4
40. Rc8+ Rd8 41. Rxd8+ Qxd8 42. Qc6 Qb8+ 43. Kh1 Qe5 44. Qc8+ Kh7 45. Qc2+ Kh8
46. Qc5 Qe2 47. Qc7 Kh7 48. Qf4 Qd3 49. Kh2 Qc4 50. Kg3 Qc3+ 51. Kf2 Qc2+ 52.
Kf1 1/2-1/2

[Event "Lichtenberger Sommer 2017"]
[Site "Berlin"]
[Date "2017.08.23"]
[Round "5.65"]
[White "Nimptsch, Nikolas"]
[Black "Grassi, Fabrizio"]
[Result "1-0"]
[WhiteElo "1379"]
[BlackElo "1868"]
[PlyCount "71"]
[EventDate "2017.??.??"]
[WhiteTeam "Leegebrucher SF"]
[BlackTeam "SV Berlin-Friedrichstadt"]

1. g4 d5 2. Bg2 e5 3. c4 d4 4. Qb3 c6 5. d3 Na6 6. h3 Bb4+ 7. Bd2 Qe7 8. Bxb4
Qxb4+ 9. Qxb4 Nxb4 10. Kd1 a5 11. Nf3 f6 12. Nbd2 Nh6 13. Ne4 Nf7 14. Nc5 b6
15. a3 bxc5 16. axb4 cxb4 17. Nxd4 Bb7 18. Bxc6+ Bxc6 19. Nxc6 Kd7 20. Nxa5
Rhb8 21. Nb3 Rxa1+ 22. Nxa1 Ng5 23. Kc2 Ne6 24. Nb3 Ra8 25. h4 h5 26. Rg1 hxg4
27. Rxg4 Rh8 28. c5 Kc6 29. Rxb4 Nf4 30. Kd2 Ng2 31. Rg4 Nxh4 32. Rxg7 Rf8 33.
Re7 Nf5 34. Re6+ Kd7 35. Ra6 Ne7 36. Na5 1-0

[Event "Lichtenberger Sommer 2017"]
[Site "Berlin"]
[Date "2017.08.23"]
[Round "5.66"]
[White "Schröter, Maik"]
[Black "Tedesco, Gennaro"]
[Result "1-0"]
[WhiteElo "1876"]
[BlackElo "1613"]
[PlyCount "97"]
[EventDate "2017.??.??"]
[WhiteTeam "SG Stadtilm"]
[BlackTeam "SC Kreuzberg"]

1. e4 c5 2. Nc3 a6 3. Nge2 d6 4. g3 Nf6 5. Bg2 Nc6 6. d3 e6 7. h3 Be7 8. Be3
Rb8 9. g4 h6 10. Qd2 Nh7 11. Ng3 Bg5 12. f4 Bh4 13. Nce2 e5 14. O-O Nd4 15. c3
Nxe2+ 16. Nxe2 b6 17. d4 exf4 18. Bxf4 Bg5 19. dxc5 bxc5 20. Qxd6 Qxd6 21. Bxd6
Rxb2 22. Ng3 Be7 23. e5 Bb7 24. Bxb7 Rxb7 25. Nf5 Bf8 26. Bxf8 Kxf8 27. Nd6 Re7
28. Rab1 g6 29. Nxf7 Rxf7 30. Rb8+ Kg7 31. Rxf7+ Kxf7 32. Rxh8 Kg7 33. Ra8 Ng5
34. Ra7+ Kf8 35. Kg2 Ne4 36. Rxa6 Nxc3 37. Rxg6 Nxa2 38. Rxh6 c4 39. Rc6 c3 40.
g5 Nb4 41. Rxc3 Nd5 42. Rf3+ Kg7 43. Kg3 Kg6 44. Kg4 Ne7 45. h4 Kg7 46. h5 Nc6
47. h6+ Kg8 48. Re3 Nd4 49. e6 1-0

[Event "Lichtenberger Sommer 2017"]
[Site "Berlin"]
[Date "2017.08.23"]
[Round "5.67"]
[White "Roloff, Karsten"]
[Black "Miowitz, Torsten"]
[Result "0-1"]
[WhiteElo "1588"]
[BlackElo "1857"]
[PlyCount "118"]
[EventDate "2017.??.??"]
[WhiteTeam "Königsjäger Süd-West"]
[BlackTeam "Lasker Steglitz-Wilmersdorf"]

1. d4 d5 2. Bf4 Nf6 3. e3 e6 4. Nd2 c5 5. c3 Nc6 6. Bd3 Bd6 7. Bg3 e5 8. dxe5
Nxe5 9. Be2 O-O 10. Ngf3 Neg4 11. Bxd6 Qxd6 12. h3 Ne5 13. Nxe5 Qxe5 14. Nf3
Qe7 15. Qa4 Bd7 16. Qh4 Qe4 17. Qxe4 dxe4 18. Ne5 Be6 19. O-O Rfd8 20. Rfd1
Rxd1+ 21. Bxd1 c4 22. Ba4 Rd8 23. Rd1 Rxd1+ 24. Bxd1 Ne8 25. Ba4 Nd6 26. Bd7
Bd5 27. Bg4 Kf8 28. Nd7+ Ke7 29. Nc5 b6 30. Na6 f5 31. Bd1 Nf7 32. b3 Ne5 33.
Kf1 Nd3 34. Nc7 Bf7 35. b4 Nc1 36. a3 Na2 37. Nb5 a6 38. Nd4 Nxc3 39. Be2 g6
40. Nc6+ Kd6 41. Nd4 Nb1 42. Nc2 b5 43. Ke1 Nc3 44. Kd2 Nd5 45. Nd4 Nf6 46. Kc3
Nd7 47. a4 bxa4 48. Bxc4 Bxc4 49. Kxc4 Ne5+ 50. Kc3 Nd3 51. f3 Ne1 52. fxe4
fxe4 53. g4 Nf3 54. Ne2 Ng5 55. Ng1 Kc6 56. Kc4 h6 57. h4 Nf3 58. Ne2 Ne5+ 59.
Kd4 Nxg4 0-1

[Event "Lichtenberger Sommer 2017"]
[Site "Berlin"]
[Date "2017.08.23"]
[Round "5.68"]
[White "Krefenstein, Sergej"]
[Black "Pixa, Ulrich"]
[Result "1-0"]
[WhiteElo "2173"]
[BlackElo "1598"]
[PlyCount "51"]
[EventDate "2017.??.??"]
[WhiteTeam "TuS Makkabi Berlin"]
[BlackTeam "SV Mattnetz Berlin"]

1. d4 Nf6 2. c4 e6 3. Nc3 Bb4 4. e3 O-O 5. Nge2 d5 6. a3 Be7 7. Ng3 b6 8. cxd5
exd5 9. b4 c6 10. Bd3 Nbd7 11. O-O b5 12. Nf5 Nb6 13. Nxe7+ Qxe7 14. Re1 Bg4
15. Qc2 a5 16. Rb1 Rfe8 17. h3 Bh5 18. e4 dxe4 19. Nxe4 Nxe4 20. Rxe4 Qd7 21.
Rxe8+ Rxe8 22. bxa5 Re1+ 23. Kh2 Qd6+ 24. g3 Bf3 25. Bf4 Rxb1 26. Qxb1 1-0

[Event "Lichtenberger Sommer 2017"]
[Site "Berlin"]
[Date "2017.08.23"]
[Round "5.69"]
[White "Scholta, Danilo"]
[Black "Lange, Cecilia"]
[Result "1/2-1/2"]
[WhiteElo "1793"]
[BlackElo "1886"]
[PlyCount "105"]
[EventDate "2017.??.??"]
[WhiteTeam "SV Empor Berlin"]
[BlackTeam "TSG Oberschöneweide"]

1. d4 d5 2. Bf4 Nf6 3. e3 e6 4. Nf3 c5 5. c3 b6 6. Bd3 Bb7 7. Nbd2 Nbd7 8. Ne5
Be7 9. O-O O-O 10. Ndf3 Ne4 11. Nxd7 Qxd7 12. Ne5 Qc8 13. Bxe4 dxe4 14. Qg4 Kh8
15. Qh5 Qe8 16. Rfe1 f6 17. Qxe8 Rfxe8 18. Nf7+ Kg8 19. Nd6 Bxd6 20. Bxd6 Rac8
21. dxc5 bxc5 22. b4 cxb4 23. Bxb4 Red8 24. Red1 Bd5 25. Kf1 Rc6 26. a4 Ra8 27.
a5 Kf7 28. Ke1 Rd8 29. Rd2 Rc7 30. Rad1 Rdc8 31. Rd4 h5 32. Ke2 Bc4+ 33. Ke1
Bd3 34. f3 e5 35. Rd6 h4 36. fxe4 Bxe4 37. Rd7+ Kg6 38. Kf2 Bf5 39. Rxc7 Rxc7
40. Rd6 Kf7 41. Rd8 Rc8 42. Rxc8 Bxc8 43. e4 g6 44. g3 h3 45. Bc5 a6 46. Bd6
Ke6 47. Bb8 Kd7 48. Ba7 Kc6 49. Ke3 Kb5 50. Bb6 Kc6 51. Bd8 f5 52. exf5 gxf5
53. Bb6 1/2-1/2

[Event "Lichtenberger Sommer 2017"]
[Site "Berlin"]
[Date "2017.08.23"]
[Round "5.70"]
[White "Willich, Manfred"]
[Black "Dittrich, Hans-Georg"]
[Result "1/2-1/2"]
[WhiteElo "1961"]
[BlackElo "1742"]
[PlyCount "46"]
[EventDate "2017.??.??"]
[WhiteTeam "SK Turm Bad Hersfeld"]
[BlackTeam "SG Stadtilm"]

1. d4 b5 2. Bf4 Bb7 3. e3 a6 4. Nf3 Nf6 5. h3 e6 6. Nbd2 c5 7. c3 d6 8. Be2
Nbd7 9. O-O Be7 10. Re1 O-O 11. Qc2 Rc8 12. Rad1 cxd4 13. exd4 Re8 14. Bd3 g6
15. a4 Nd5 16. Be4 Qb6 17. Bg3 N7f6 18. axb5 axb5 19. Qb3 Nxe4 20. Nxe4 Nf6 21.
Nfd2 Nxe4 22. Nxe4 Bxe4 23. Rxe4 d5 1/2-1/2

[Event "Lichtenberger Sommer 2017"]
[Site "Berlin"]
[Date "2017.08.23"]
[Round "5.71"]
[White "Ziems, Michael"]
[Black "Matthes, Aaron"]
[Result "0-1"]
[WhiteElo "1816"]
[BlackElo "1736"]
[PlyCount "87"]
[EventDate "2017.??.??"]
[WhiteTeam "SV Empor Berlin"]
[BlackTeam "SC Oranienburg"]

1. d4 d5 2. c4 c6 3. Nc3 e5 4. e3 e4 5. cxd5 cxd5 6. Qb3 Nf6 7. Nge2 Nc6 8. Nf4
Na5 9. Bb5+ Bd7 10. Qa4 Nc6 11. Ncxd5 Nxd5 12. Nxd5 a6 13. Be2 Ne7 14. Qb3 Be6
15. Qa4+ b5 16. Bxb5+ axb5 17. Qxa8 Nxd5 18. Qc6+ Qd7 19. Qa8+ Ke7 20. Bd2 f5
21. O-O Kf7 22. f3 Nb6 23. Qb8 Nc4 24. Bc1 Rg8 25. Qg3 Bd6 26. Qh4 exf3 27.
Rxf3 Bd5 28. e4 Be6 29. b3 Ne5 30. dxe5 Bxe5 31. Bb2 Bxb2 32. Raf1 Bf6 33. Qxh7
Qd4+ 34. Kh1 Qxe4 35. Rf4 Qc2 36. R4f2 Qc6 37. Qh5+ g6 38. Qe2 Re8 39. Qd2 Be5
40. Qe3 Bd5 41. Qh6 Rh8 42. Rxf5+ gxf5 43. Rxf5+ Bf6 44. Qxh8 0-1

[Event "Lichtenberger Sommer 2017"]
[Site "Berlin"]
[Date "2017.08.23"]
[Round "5.72"]
[White "Udet, Fabian"]
[Black "Lehmkuhl, Stefan"]
[Result "0-1"]
[WhiteElo "1680"]
[BlackElo "1873"]
[PlyCount "112"]
[EventDate "2017.??.??"]
[WhiteTeam "1. SC Anhalt"]
[BlackTeam "Breloher SC"]

1. e4 g6 2. d4 Bg7 3. Nc3 d6 4. f4 Nf6 5. a3 c6 6. Nf3 O-O 7. Be2 Nbd7 8. e5
Nd5 9. Nxd5 cxd5 10. O-O Nb6 11. Bd3 Qc7 12. c3 Nc4 13. Qc2 a6 14. b3 Na5 15.
Bd2 Nc6 16. h4 Bg4 17. Nh2 Qd7 18. exd6 exd6 19. Rae1 Rac8 20. Qb1 Bh6 21. Nxg4
Qxg4 22. Rf3 Rce8 23. h5 Qd7 24. Rg3 Rxe1+ 25. Qxe1 Ne7 26. hxg6 fxg6 27. Qf2
Nf5 28. Rh3 Bg7 29. Qf3 Qf7 30. g4 Ne7 31. f5 b5 32. Qh1 gxf5 33. gxf5 Bf6 34.
Rg3+ Kh8 35. Bg5 Rg8 36. Bxf6+ Qxf6 37. Rxg8+ Kxg8 38. Qh5 Qf7 39. Qh3 Qg7+ 40.
Kh2 Qg5 41. Qf3 Kf7 42. c4 Qh4+ 43. Kg2 Qxd4 44. cxb5 axb5 45. Bxb5 Qb2+ 46.
Kh3 Qxa3 47. Qh5+ Kf6 48. Qh6+ Ng6 49. fxg6 Qxb3+ 50. Kh4 hxg6 51. Qg5+ Kf7 52.
Qf4+ Kg7 53. Be2 Qc3 54. Qa4 Qe5 55. Bg4 Qh2+ 56. Kg5 Qh6# 0-1

[Event "Lichtenberger Sommer 2017"]
[Site "Berlin"]
[Date "2017.08.23"]
[Round "5.73"]
[White "Bollenbach, Horst"]
[Black "Matitschka, Johannes"]
[Result "1/2-1/2"]
[WhiteElo "1723"]
[BlackElo "1780"]
[PlyCount "115"]
[EventDate "2017.??.??"]
[WhiteTeam "SC Friesen Lichtenberg"]
[BlackTeam "TSG Oberschöneweide"]

1. c4 Nf6 2. g3 g6 3. Bg2 Bg7 4. Nc3 d6 5. e3 Nbd7 6. Nge2 e5 7. O-O h5 8. h3
Qe7 9. d4 c6 10. d5 c5 11. b4 cxb4 12. Na4 O-O 13. Rb1 a5 14. a3 b5 15. cxb5
Rb8 16. axb4 Rxb5 17. Nec3 Rxb4 18. Ba3 Rxb1 19. Qxb1 Ba6 20. Rc1 Rb8 21. Qc2
Ne8 22. Ne4 Rc8 23. Qd2 Rxc1+ 24. Qxc1 f5 25. Nd2 Qd8 26. Qc6 Nb8 27. Qb6 Bf6
28. e4 Qxb6 29. Nxb6 Bd8 30. Nbc4 Bc7 31. f4 Nd7 32. Kf2 Kg7 33. Bf1 Ndf6 34.
fxe5 dxe5 35. d6 Bd8 36. exf5 gxf5 37. Nxe5 Bxf1 38. Kxf1 Nd5 39. Ndc4 Nef6 40.
Nc6 Bc7 41. dxc7 Nxc7 42. N6xa5 Ncd5 43. Bb2 f4 44. Kg2 fxg3 45. Kxg3 Kg6 46.
Bxf6 Kxf6 47. Nc6 Kg5 48. h4+ Kf5 49. Nd4+ Kf6 50. Kf3 Ne7 51. Ne3 Ng6 52. Ng2
Nxh4+ 53. Nxh4 Ke5 54. Ndf5 Kd5 55. Kf4 Kc4 56. Kg5 Kd5 57. Kxh5 Ke5 58. Kg5
1/2-1/2

[Event "Lichtenberger Sommer 2017"]
[Site "Berlin"]
[Date "2017.08.23"]
[Round "5.74"]
[White "Ritter, Uwe"]
[Black "Bastian, Reinhard"]
[Result "1-0"]
[WhiteElo "1953"]
[BlackElo "1675"]
[PlyCount "93"]
[EventDate "2017.??.??"]
[WhiteTeam "Reideburger SV"]
[BlackTeam "vereinslos"]

1. f4 e5 2. fxe5 d6 3. exd6 Bxd6 4. Nf3 g5 5. g3 g4 6. Nh4 Ne7 7. d4 Ng6 8. Ng2
Nc6 9. c3 h5 10. e4 h4 11. e5 Ncxe5 12. dxe5 Nxe5 13. Be2 hxg3 14. Bf4 Qe7 15.
Bxe5 Qxe5 16. Qd3 Rxh2 17. Rg1 Bd7 18. Nd2 O-O-O 19. O-O-O Bc6 20. Bxg4+ Kb8
21. Qf1 Qg5 22. Bf3 Bf4 23. Nxf4 Qxf4 24. Bg2 Qf2 25. Bxc6 bxc6 26. Qxf2 gxf2
27. Rgf1 Rg2 28. Ne4 Re8 29. Rxf2 Rxf2 30. Nxf2 Re2 31. Rd2 Re1+ 32. Kc2 f5 33.
Nd3 Rf1 34. Rf2 Rxf2+ 35. Nxf2 c5 36. Kd3 Kb7 37. Ke3 Kc6 38. Kf4 Kd5 39. Kxf5
a5 40. Nd1 a4 41. Ne3+ Kc6 42. Ke5 Kb5 43. a3 Kc6 44. c4 Kb7 45. Kd5 Kb6 46.
Nd1 c6+ 47. Kd6 1-0

[Event "Lichtenberger Sommer 2017"]
[Site "Berlin"]
[Date "2017.08.23"]
[Round "5.75"]
[White "Ni Mhuireagain, Eibhia"]
[Black "Schmalzried, Volker"]
[Result "0-1"]
[WhiteElo "1521"]
[BlackElo "1858"]
[PlyCount "66"]
[EventDate "2017.??.??"]
[WhiteTeam "The Ross Chess Club"]
[BlackTeam "vereinslos"]

1. e4 c5 2. Nf3 Nc6 3. d3 g6 4. g3 Bg7 5. Bg2 Nf6 6. O-O O-O 7. Nbd2 d6 8. Re1
e5 9. c3 Rb8 10. a4 a6 11. Nf1 b5 12. axb5 axb5 13. Nh4 Ne8 14. Ne3 Ne7 15. Qe2
b4 16. Bd2 bxc3 17. bxc3 f5 18. exf5 Nxf5 19. Nhxf5 Bxf5 20. Nxf5 Rxf5 21. Be4
Rf8 22. h4 Nf6 23. Bg5 Qd7 24. Bxf6 Bxf6 25. Kg2 d5 26. Qa2 Rbd8 27. Bf3 e4 28.
dxe4 Bxc3 29. Red1 Bxa1 30. exd5 Bd4 31. d6+ Kg7 32. Rb1 Qxd6 33. Rb7+ Rd7 0-1

[Event "Lichtenberger Sommer 2017"]
[Site "Berlin"]
[Date "2017.08.23"]
[Round "5.76"]
[White "Möller, Dirk"]
[Black "Wimmer, Thomas"]
[Result "0-1"]
[WhiteElo "1555"]
[BlackElo "1878"]
[PlyCount "22"]
[EventDate "2017.??.??"]
[WhiteTeam "SC Kreuzberg"]
[BlackTeam "SK Marburg"]

1. e4 c6 2. d4 d5 3. exd5 cxd5 4. c4 Nf6 5. Nf3 Bg4 6. Nc3 Nc6 7. cxd5 Nxd5 8.
Bc4 e6 9. O-O Be7 10. Nxd5 exd5 11. h3 Bxf3 0-1

[Event "Lichtenberger Sommer 2017"]
[Site "Berlin"]
[Date "2017.08.23"]
[Round "5.77"]
[White "Bruening, Wolfgang"]
[Black "Gräbnitz, Marc-Florian"]
[Result "1-0"]
[WhiteElo "1791"]
[BlackElo "1465"]
[PlyCount "81"]
[EventDate "2017.??.??"]
[WhiteTeam "vereinslos"]
[BlackTeam "SC Eintracht Berlin"]

1. d4 d5 2. Nf3 Nf6 3. e3 Bf5 4. Be2 e6 5. O-O Bd6 6. c4 c6 7. Nc3 h6 8. b3 O-O
9. a4 Nbd7 10. Bd3 Bxd3 11. Qxd3 Re8 12. Ba3 Qe7 13. Bxd6 Qxd6 14. h3 Rac8 15.
Nd2 Red8 16. c5 Qc7 17. f4 Nf8 18. Nf3 Ng6 19. g4 Nd7 20. Kg2 f6 21. Qxg6 e5
22. fxe5 fxe5 23. Qe6+ Kh8 24. Nxe5 Nxe5 25. Qxe5 Qa5 26. Rf7 Rg8 27. Rc1 Rce8
28. Qf4 Qb4 29. g5 Qxb3 30. Kf3 Qb2 31. Ne2 Re4 32. Qf5 Qd2 33. Rc3 Qe1 34. Nf4
Rxf4+ 35. Qxf4 Qxc3 36. gxh6 Qe1 37. hxg7+ Kh7 38. Qf5+ Kh6 39. Rf6+ Kxg7 40.
Qg6+ Kh8 41. Qh6# 1-0